Yemen Blues /

Ravid Kahalani is a reflection of today's Israeli scene. Just like Ester Rada and Gili Yalo, both children of the Ethiopian repatriation, the Yemen Blues singer combines family roots, and especially Yemeni culture, with rock, blues and even rap. Following Insaniya, the 2015 album, this set reve...

Full description

Bibliographic Details
Corporate Author: Yemen Blues (Musical group) (Performer)
Other Authors: Zuber, Carine (Director)
Format: Video
Language:Arabic
Language Notes:Sung in Arabic.
Published: Paris, France : Qwest TV, 2020.
Series:Academic Video Online
Subjects:
Online Access:Connect to this streaming video (Alexander Street Press)

MARC

Tag First Indicator Second Indicator Subfields
LEADER 00000cgm a2200000Mi 4500
001 in00005556921
006 m o c
007 cr |n||||||||a
007 vz |za|z|
008 221212s2020 fr 104 e o vlara d
005 20241201231028.6
035 |a (OCoLC)on1358781263 
040 |a ALSTP  |b eng  |e rda  |c ALSTP  |d OCLCF  |d CJT  |d OCLCO  |d OCLCL  |d DXU 
019 |a 1358780565  |a 1373492541  |a 1443947154 
024 8 |a ASP5363362/marc 
035 |a (OCoLC)1358781263  |z (OCoLC)1358780565  |z (OCoLC)1373492541  |z (OCoLC)1443947154 
043 |a a-ye--- 
049 |a TXAM 
245 0 0 |a Yemen Blues /  |c Moods Digital Concert Club, Moods Jazz Association ; director, Carine Zuber. 
246 1 3 |a Live from jazz club Moods 
264 1 |a Paris, France :  |b Qwest TV,  |c 2020. 
300 |a 1 online resource (104 minutes) 
306 |a 014359 
336 |a two-dimensional moving image  |b tdi  |2 rdacontent 
337 |a computer  |b c  |2 rdamedia 
337 |a video  |b v  |2 rdamedia 
338 |a online resource  |b cr  |2 rdacarrier 
347 |a video file  |2 rdaft 
382 0 1 |a instrument  |n 2  |d singer  |n 2  |s 2  |2 lcmpt 
490 0 |a Academic Video Online 
500 |a Title from title screen (viewed December 12, 2022). 
500 |a "Live from jazz club Moods." 
511 0 |a Yemen Blues (Ravid Kahalani, Shanir Blumenkranz). 
518 |o Recorded live  |p Moods Club, Zurich, Switzerland. 
520 |a Ravid Kahalani is a reflection of today's Israeli scene. Just like Ester Rada and Gili Yalo, both children of the Ethiopian repatriation, the Yemen Blues singer combines family roots, and especially Yemeni culture, with rock, blues and even rap. Following Insaniya, the 2015 album, this set reveals the charismatic singer in a reduced formation. He is supported by New York bassist Shanir Blumenkranz who delivers significant personality. In turns syncopated and incantatory, the repertoire is reminiscent of the Berber rockers of Tinariwen. This is especially the case for an incredible sequence in which Ravid Kahalani passes seamlessly from the guembri, a gnawa lute, to the drums. The show marks a vibrant dedication to Yemen, a country on the Arabian Peninsula now in the throes of a terrible civil war. In an intimate and human setting (The Moods' stage is right up close to the audience), this Yemen Blues concert is full to the brim with authenticity. It is a feeling is especially evident during the encore, when the musicians revisit the beautiful "Ma'ahla Asalam." Curious viewers can look to Yemen Blues, the group's first record, for more catchy arrangements. Vincent Caffiaux. 
546 |a Sung in Arabic. 
650 0 |a Popular music  |z Yemen (Arab Republic)  |y 2011-2020. 
650 0 |a Blues (Music)  |z Yemen (Arab Republic) 
650 7 |a Blues (Music)  |2 fast 
650 7 |a Popular music  |2 fast 
651 7 |a Yemen (Republic)  |2 fast  |1 https://id.oclc.org/worldcat/entity/E39PBJdCmhRRMd7PThhXbKPCwC 
648 7 |a 2011-2020  |2 fast 
655 7 |a Blues (Music)  |2 fast 
655 7 |a Concert films  |2 fast 
655 7 |a Popular music  |2 fast 
655 7 |a Concert films.  |2 lcgft 
655 7 |a Popular music.  |2 lcgft 
655 7 |a Blues (Music)  |2 lcgft 
655 7 |a Concerts filmés.  |2 rvmgf 
655 7 |a Musique populaire.  |2 rvmgf 
655 7 |a Blues.  |2 rvmgf 
700 1 |a Zuber, Carine,  |e director. 
710 2 |a Yemen Blues (Musical group),  |e performer. 
710 2 |a Moods (Nightclub),  |e host institution. 
710 2 |a Moods Digital Concert Club,  |e production company. 
710 2 |a Moods Jazz Association,  |e production company. 
710 2 |a Qwest TV,  |e publisher. 
856 4 0 |u http://proxy.library.tamu.edu/login?url=https://www.aspresolver.com/aspresolver.asp?MARC;5363362  |z Connect to this streaming video (Alexander Street Press)  |t 0 
955 |a Alexander Street Press subscription streaming video 
994 |a 92  |b TXA 
999 f f |s b135a7c9-e34e-41a2-beb8-49fff7fd6336  |i eb35e1b4-966c-41d9-8078-6b9f4e43134a  |t 0 
952 f f |a Texas A&M University  |b College Station  |c Electronic Resources  |d Available Online  |t 0  |h Library of Congress classification 
998 f f |t 0  |l Available Online